000 00565nam a2200193Ia 4500
003 GCL
008 140319s9999 xx 000 0 ara d
040 _aGCL /
_cGCL
082 0 4 _a823.03
_bك ق
100 1 _aكابوت، ترومن
245 1 0 _aقيثارة العشب : رواية /
_cكابوت، ترومن
700 1 _aخالدة سعيد
300 _a188 ص
490 _a
650 0 4 _aالادب الامريكى المترجم
650 0 4 _aالادب العالمى المترجم
650 0 4 _aالقصص الامريكية
942 _2ddc
_cBK
999 _c39844
_d39844